Countries sharing border/flag colours Quiz Stats

Quiz not verified by Sporcle

Challenge
Share
Tweet
Embed
Score 0/36 Timer 11:00
0 Plays Today
Continent Countries % Correct
EuropeBelgium and Germany
66%
North AmericaHonduras and Nicaragua
63.1%
North AmericaEl Salvador and Honduras
61.2%
South AmericaColombia and Ecuador
59.2%
South AmericaArgentina and Uruguay
59.2%
North AmericaGuatemala and El Salvador
57.3%
North AmericaGuatemala and Honduras
57.3%
North AmericaCosta Rica and Panama
57.3%
EuropeAustria and Switzerland
57.3%
EuropeCzech Republic and Slovakia
54.4%
EuropeFrance and Luxembourg
52.4%
AsiaChina and Vietnam
51.5%
EuropeSlovenia and Croatia
48.5%
EuropeCroatia and Serbia
44.7%
EuropeRomania and Moldova
43.7%
North AmericaHaiti and Dominican Republic
37.9%
AsiaSyria and Jordan
33%
AsiaThailand and Laos
33%
Continent Countries % Correct
AsiaSyria and Iraq
32%
EuropeNorway and Russia
31.1%
AfricaMali and Guinea
31.1%
AsiaRussia and North Korea
30.1%
AsiaIraq and Kuwait
29.1%
AsiaLaos and Cambodia
28.2%
AsiaThailand and Cambodia
28.2%
AsiaJordan and Iraq
27.2%
AfricaSenegal and Guinea
24.3%
AsiaJordan and Palestine
23.1%
AfricaMali and Senegal
22.3%
AfricaMali and Burkina Faso
22.3%
AsiaTurkey and Georgia
21.4%
AfricaCameroon and Republic of the Congo
17.5%
AsiaChina and Kyrgyzstan
17.5%
AfricaBurkina Faso and Benin
16.5%
AfricaEritrea and Ethiopia
10.7%
AfricaLibya and Sudan
3.9%

You're not logged in!

Compare scores with friends on all Sporcle quizzes.
Join for Free
OR
Log In

You Might Also Like...

Show Comments

Extras

Top Quizzes Today


Score Distribution

Your Account Isn't Verified!

In order to create a playlist on Sporcle, you need to verify the email address you used during registration. Go to your Sporcle Settings to finish the process.

Report this User

Report this user for behavior that violates our Community Guidelines.

Details: